LEADER 00776nam a2200169 i 4500 001 000000220130 003 CaOOAMICUS 005 20130429000000.0 008 130429s1898 it u000 u ita u 013 $a199027 040 $aSeMil$bita 245 10$aVol. 2. 300 $aXI, 700 p. 773 0 $tFr. Francisci de Sylvestris Ferrariensis O.P. Commentaria in libros quatuor contra gentiles S. Thomae De Aquino.$bEditio novissima ad fidem antiquioris exemplaris impressa novoque ordine digesta / cura et studio Ioachim Sestili.$dRomae : Sumptibus et typis Orphanotrophii a S. Hieronymo Aemiliani, 1897-1901.$g2$w()28449 850 $aSeMil 852 $aSeMil$W1$xVenegono$y1$m2L II 99 FA$j170487$B170487$CSeMilBibl$Z2$F181129 $8I 996 $6245$aVol. 2$9(OLS)http://semarc/title/13458 LEADER 01766nam a2200313 i 4500 001 000000116131 003 CaOOAMICUS 005 20200526152049.0 008 090828s2000 it a u100 u ita u 013 $a88820 040 $aSeMil$bita 111 2 $aConvegno internazionale degli ordinariati militari <4. ; 1999 ; Roma>.$0(OLS)http://semarc/name/48515 245 13$aIl militare chiamato alla perfezione della carità :$batti del 4. Convegno internazionale degli ordinariati militari, Roma 7-8 maggio 1999 /$cCongregatio Pro Episcopis : Officium Centrale Coordinationis Pastoralis Ordinariatuum Militarium. 246 01$aLe militaire appellé à la perfection de la charité 246 01$aThe military called to perfect charity 260 $aCittà del Vaticano :$bPastoralis Militum Cura,$c2000. 300 $a451 p., [8] c. di tav. :$bill. ;$c24 cm 500 $aIn appendice: Costitutio apostolica Spirituali militum curae 541 $aFondo Card. C.M. Martini 650 4$aChiesa cattolica - Ordinariato militare.$0(OLS)http://semarc/subject/54234 850 $aSeMil 852 $aSeMil$W1$xVenegono$y1$m2A V 26$j71612$B71612$CSeMilBibl$Z2$F105218 $81 941 1 $a4 961 $aOmaggio: Martini Card. Carlo Maria 996 $6245$aIl militare chiamato alla perfezione della carità :$batti del 4. Convegno internazionale degli ordinariati militari, Roma 7-8 maggio 1999$9(OLS)http://semarc/title/170245 996 $6246$aLe militaire appellé à la perfection de la charité$9(OLS)http://semarc/title/429385 996 $6246$aThe military called to perfect charity$9(OLS)http://semarc/title/429384 996 $6260$aCittà del Vaticano :$bPastoralis Militum Cura$9(OLS)http://semarc/publisher/45540